Sports Quiz

Random Sports or Numbers Quiz

Manchester United top goal scorer by season Quiz Stats

 Plays Quiz not verified by Sporcle

Support Sporcle.
Go Orange.
Score 0/64 Timer 10:00
0 Plays Today
Season Player Name % Correct
2006/07Cristiano Ronaldo/Wayne Rooney
99.5%
2009/10Wayne Rooney
99.3%
2004/05Wayne Rooney
99.3%
2008/09Cristiano Ronaldo
98.6%
2007/08Cristiano Ronaldo
98.6%
2005/06Ruud van Nistelrooy
95.5%
2003/04Ruud van Nistelrooy
95.5%
2002/03Ruud van Nistelrooy
95.5%
2001/02Ruud van Nistelrooy
95.5%
1997/98Andy Cole
95%
1995/96Eric Cantona
95%
1993/94Eric Cantona
95%
1999/00Dwight Yorke
94.8%
1998/99Dwight Yorke
94.8%
1972/73Bobby Charlton
90.3%
1960/61Bobby Charlton
90.3%
1958/59Bobby Charlton
90.3%
1990/91Brian McClair/Mark Hughes
89.4%
1988/89Brian McClair/Mark Hughes
89.4%
1992/93Mark Hughes
89%
1989/90Mark Hughes
89%
1985/86Mark Hughes
89%
1984/85Mark Hughes
89%
2000/01Teddy Sheringham
87.8%
1996/97Ole Gunnar Solskjaer
87.7%
1971/72George Best
87.7%
1970/71George Best
87.7%
1969/70George Best
87.7%
1967/68George Best
87.7%
1991/92Brian McClair
81.4%
1987/88Brian McClair
81.4%
1968/69Denis Law
80.1%
Season Player Name % Correct
1966/67Denis Law
80.1%
1964/65Denis Law
80.1%
1963/64Denis Law
80.1%
1962/63Denis Law
80.1%
1994/95Andrei Kanchelskis
66.3%
1959/60Dennis Viollet
41.7%
1957/58Dennis Viollet
41.7%
1954/55Dennis Viollet
41.7%
1983/84Frank Stapleton
40.2%
1982/83Frank Stapleton
40.2%
1981/82Frank Stapleton
40.2%
1973/74Sammy McIlroy/Lou Macari
39.4%
1956/57Tommy Taylor
38.5%
1955/56Tommy Taylor
38.5%
1953/54Tommy Taylor
38.5%
1975/76Lou Macari
38.1%
1974/75Stuart Pearson
28.9%
1952/53Stan Pearson
28.9%
1950/51Stan Pearson
28.9%
1951/52Jack Rowley
28.6%
1949/50Jack Rowley
28.6%
1948/49Jack Rowley
28.6%
1947/48Jack Rowley
28.6%
1946/47Jack Rowley
28.6%
1980/81Joe Jordan
28.1%
1979/80Joe Jordan
28.1%
1965/66David Herd
27.6%
1961/62David Herd
27.6%
1978/79Jimmy Greenhoff
27.3%
1977/78Gordon Hill
21.3%
1976/77Gordon Hill
21.3%
1986/87Peter Davenport
20.9%

You're not logged in!

Compare scores with friends on all Sporcle quizzes.
OR
Log In

From the Vault

17 Ways Not to Say 'Bing'

by Mattyo7

Sorry Chandler, you're gonna have to sit this one out.
Remove Ads.
Support Sporcle.
Get the best of Sporcle when you Go Orange. This ad-free experience offers more features, more stats, and more fun while also helping to support Sporcle. Thank you for becoming a member.

Show Comments

Extras

Top Quizzes Today


Score Distribution

Your Account Isn't Verified!

In order to create a playlist on Sporcle, you need to verify the email address you used during registration. Go to your Sporcle Settings to finish the process.

Report this User

Report this user for behavior that violates our Community Guidelines.

Details: